[Event "ACP-Knockout-2020-Women"]
[Site "Emanuel Lasker Arena"]
[Date "2020.07.26"]
[Round "2.2"]
[White "ZatonskihAnna"]
[Black "Iribulmaga"]
[Result "0-1"]
[WhiteElo "1620"]
[BlackElo "1869"]
[Annotator "NA RC"]
[PlyCount "102"]
[EventDate "2020.07.25"]
[EventType "k.o. (blitz)"]
[EventRounds "4"]

1. e4 {[%emt 0:00:02]} c5 {[%emt 0:00:02]} 2. c3 {[%emt 0:00:01]} Nf6 {[%emt 0:00:02]} 3. e5 {[%emt 0:00:01]} Nd5 {[%emt 0:00:01]} 4. Bc4 {[%emt 0:00:07]} Nb6 {[%emt 0:00:09]} 5. Bb3 {[%emt 0:00:02]} Nc6 {[%emt 0:00:12]} 6. Nf3 {[%emt 0:00:02]} d5 {[%emt 0:00:21]} 7. exd6 {[%emt 0:00:08]} Qxd6 {[%emt 0:00:05]} 8. Na3 {[%emt 0:00:02]} a6 {[%emt 0:00:28]} 9. d4 {[%emt 0:00:40]} cxd4 {[%emt 0:00:11]} 10. cxd4 {[%emt 0:00:04]} Be6 {[%emt 0:00:54]} 11. O-O {[%emt 0:00:42]} O-O-O {[%emt 0:00:06]} 12. Bxe6+ {[%emt 0:00:44]} Qxe6 {[%emt 0:00:04]} 13. Re1 {[%emt 0:00:57]} Qd5 {[%emt 0:00:39]} 14. Bf4 {[%emt 0:00:06]} f6 {[%emt 0:01:20]} 15. Rc1 {[%emt 0:02:36]} e6 {[%emt 0:00:25]} 16. Nb1 {[%emt 0:00:54]} Bd6 {[%emt 0:00:30]} 17. Nc3 {[%emt 0:00:22]} Qa5 {[%emt 0:00:51]} 18. Bxd6 {[%emt 0:00:05]} Rxd6 {[%emt 0:00:01]} 19. Ne4 {[%emt 0:00:04]} Rd5 {[%emt 0:00:11]} 20. b4 {[%emt 0:00:42]} Qxb4 {[%emt 0:01:55]} 21. Rb1 {[%emt 0:00:51]} Qa5 {[%emt 0:00:01]} 22. Qb3 {[%emt 0:00:02]} Rb5 {[%emt 0:00:07]} 23. Qxe6+ {[%emt 0:00:02]} Kb8 {[%emt 0:00:01]} 24. Nd6 {[%emt 0:00:21]} Rxb1 {[%emt 0:00:37]} 25. Rxb1 {[%emt 0:00:00]} Rd8 {[%emt 0:00:10]} 26. h3 {[%emt 0:01:12]} Ka7 {[%emt 0:00:26]} 27. Rb3 {[%emt 0:00:36]} Qd5 {[%emt 0:01:09]} 28. Qxd5 {[%emt 0:00:02]} Nxd5 {[%emt 0:00:01]} 29. Nxb7 {[%emt 0:00:01]} Rb8 {[%emt 0:00:12]} 30. Nc5 {[%emt 0:00:09]} Rxb3 {[%emt 0:00:08]} 31. axb3 {[%emt 0:00:11]} Kb6 {[%emt 0:00:01]} 32. Kf1 {[%emt 0:00:01]} Kb5 {[%emt 0:00:04]} 33. g3 {[%emt 0:00:19]} Nxd4 {[%emt 0:00:10]} 34. Nxd4+ {[%emt 0:00:02]} Kxc5 {[%emt 0:00:01]} 35. Nc2 {[%emt 0:00:01]} Nb4 {[%emt 0:00:08]} 36. Ne3 {[%emt 0:00:13]} Kd4 {[%emt 0:00:21]} 37. Nc4 {[%emt 0:00:10]} Kc3 {[%emt 0:00:09]} 38. Na5 {[%emt 0:00:02]} Nc2 {[%emt 0:00:07]} 39. Ke2 {[%emt 0:00:30]} Nd4+ {[%emt 0:00:04]} 40. Ke3 {[%emt 0:00:02]} Nxb3 {[%emt 0:00:01]} 41. Nc6 {[%emt 0:00:10]} a5 {[%emt 0:00:02]} 42. Nxa5 {[%emt 0:00:02]} Nxa5 {[%emt 0:00:01]} 43. Ke4 {[%emt 0:00:00]} Kc4 {[%emt 0:00:05]} 44. g4 {[%emt 0:00:01]} Kc5 {[%emt 0:00:05]} 45. Kf5 {[%emt 0:00:03]} Kd6 {[%emt 0:00:02]} 46. g5 {[%emt 0:00:01]} fxg5 {[%emt 0:00:01]} 47. Kxg5 {[%emt 0:00:00]} Ke6 {[%emt 0:00:01]} 48. f4 {[%emt 0:00:02]} Nc4 {[%emt 0:00:02]} 49. h4 {[%emt 0:00:01]} Nd6 {[%emt 0:00:03]} 50. h5 {[%emt 0:00:01]} Nf5 {[%emt 0:00:03]} 51. Kg4 {[%emt 0:00:07]} Kf6 {[%emt 0:00:01] ZatonskihAnna resigns (Lag: Av=0.53s, max=1.3s)} 0-1

[Event "ACP-Knockout-2020-Women"]
[Site "Emanuel Lasker Arena"]
[Date "2020.07.26"]
[Round "2.3"]
[White "Iribulmaga"]
[Black "ZatonskihAnna"]
[Result "1-0"]
[WhiteElo "1893"]
[BlackElo "1620"]
[Annotator "NA RC"]
[PlyCount "69"]
[EventDate "2020.07.25"]
[EventType "k.o. (blitz)"]
[EventRounds "4"]

1. e4 {[%emt 0:00:03]} d5 {[%emt 0:00:06]} 2. exd5 {[%emt 0:00:01]} Qxd5 {[%emt 0:00:00]} 3. Nc3 {[%emt 0:00:01]} Qd6 {[%emt 0:00:01]} 4. d4 {[%emt 0:00:02]} c6 {[%emt 0:00:01]} 5. Nf3 {[%emt 0:00:01]} Bg4 {[%emt 0:00:01]} 6. h3 {[%emt 0:00:01]} Bh5 {[%emt 0:00:01]} 7. g4 {[%emt 0:00:20]} Bg6 {[%emt 0:00:02]} 8. Ne5 {[%emt 0:00:05]} Nd7 {[%emt 0:00:02]} 9. f4 {[%emt 0:00:45]} Nxe5 {[%emt 0:00:34]} 10. fxe5 {[%emt 0:01:01]} Qd7 {[%emt 0:00:02]} 11. Be3 {[%emt 0:00:23]} h5 {[%emt 0:00:44]} 12. g5 {[%emt 0:00:23]} e6 {[%emt 0:00:07]} 13. Qd2 {[%emt 0:00:33]} Bb4 {[%emt 0:00:34]} 14. a3 {[%emt 0:00:37]} Ba5 {[%emt 0:00:04]} 15. Bg2 {[%emt 0:00:19]} Ne7 {[%emt 0:00:04]} 16. b4 {[%emt 0:00:14]} Bb6 {[%emt 0:00:06]} 17. Rd1 {[%emt 0:00:17]} Nd5 {[%emt 0:00:17]} 18. Ne4 {[%emt 0:00:18]} Bxe4 {[%emt 0:01:23]} 19. Bxe4 {[%emt 0:00:03]} a5 {[%emt 0:00:10]} 20. c4 {[%emt 0:01:32]} Nxe3 {[%emt 0:01:37]} 21. Qxe3 {[%emt 0:00:00]} axb4 {[%emt 0:00:01]} 22. axb4 {[%emt 0:00:00]} Qe7 {[%emt 0:00:01]} 23. O-O {[%emt 0:00:34]} Qxb4 {[%emt 0:01:14]} 24. Rb1 {[%emt 0:00:02]} Ra3 {[%emt 0:01:21]} 25. Qf2 {[%emt 0:00:02]} Rb3 {[%emt 0:00:16]} 26. Rxb3 {[%emt 0:00:17]} Qxb3 {[%emt 0:00:00]} 27. Rb1 {[%emt 0:01:02]} Qxh3 {[%emt 0:00:27]} 28. Rxb6 {[%emt 0:00:09]} Qg4+ {[%emt 0:00:02]} 29. Qg2 {[%emt 0:00:15]} Qd1+ {[%emt 0:00:06]} 30. Kh2 {[%emt 0:00:01]} Qxd4 {[%emt 0:00:03]} 31. Bxc6+ {[%emt 0:00:35]} Kf8 {[%emt 0:00:52]} 32. Rxb7 {[%emt 0:00:02]} Qxe5+ {[%emt 0:00:02]} 33. Qg3 {[%emt 0:00:39]} Qe2+ {[%emt 0:00:08]} 34. Bg2 {[%emt 0:00:14]} g6 {[%emt 0:00:04]} 35. Qf4 {[%emt 0:00:22] ZatonskihAnna resigns (Lag: Av=0.51s, max=1.1s)} 1-0

[Event "ACP-Knockout-2020-Women"]
[Site "Emanuel Lasker Arena"]
[Date "2020.07.26"]
[Round "2.3"]
[White "Antoaneta"]
[Black "Tomilova_Elena"]
[Result "0-1"]
[WhiteElo "1620"]
[BlackElo "2004"]
[Annotator "TA"]
[PlyCount "86"]
[EventDate "2020.07.25"]
[EventType "k.o. (blitz)"]
[EventRounds "4"]

{[%evp 9,86,-166,-158,-154,-172,-180,-138,-139,-120,-120,-122,-147,-125,-118,-111,-120,-121,-127,-139,-122,-121,-140,-115,-119,-127,-117,-81,-80,-81,-91,-85,-102,-96,-117,-106,-104,-106,-111,-97,-117,-106,-222,-144,-175,-75,-179,-83,-83,-83,-118,-85,-110,-62,-168,0,-89,0,-202,-203,-204,-205,-251,-248,-230,-234,-310,-209,-345,-339,-349,-348,-352,-341,-337,-344,-842,-833,-825,-819]} 1. Nf3 d5 2. g4 Bxg4 3. Ne5 {[#]} Bh5 $146 ({Predecessor:} 3... Bf5 4. Nc3 e6 5. Bg2 Bd6 6. d4 Nf6 7. O-O Nbd7 8. Bf4 Qe7 9. e3 c6 {0-1 (43) Domenche Redondo,F (1598)-De Sanjur,M ICCF email 2016}) 4. d4 Nd7 5. Qd3 Nxe5 6. dxe5 {A06: Réti Opening: 1 Nf3 d5.} c6 7. Qb3 Qb6 8. Be3 {Black is clearly better.} Qxb3 9. axb3 a6 10. b4 e6 11. c3 f6 12. exf6 Nxf6 13. Nd2 Bd6 14. Nb3 O-O 15. Nc5 Bxc5 16. Bxc5 Rf7 17. Rg1 e5 18. Bh3 Re8 19. f3 Nd7 20. Be3 {[#]} d4 $1 {[%mdl 512]} 21. cxd4 exd4 22. Bxd4 Bxf3 $1 23. O-O-O {Threatens to win with Bxg7.} Bxe2 24. Rde1 Nf6 25. b3 (25. Kd2 $17 Ne4+ 26. Kxe2 Ng5+ 27. Kd3 Rf3+ 28. Kc2 (28. Kd2 $2 Rd8 $19) 28... Rxe1 29. Rxe1 Rxh3 30. Re7) 25... Kh8 26. Bf5 Bh5 (26... Nd5 $19 {is more deadly.} 27. Bc2 Nf4) 27. Ref1 (27. Bc5 $17 {was necessary.}) 27... Bg6 (27... Nd5 $19 28. Rf2 Nxb4) 28. Bxg6 $17 hxg6 29. Rxg6 Re4 30. Bc3 Re3 31. Bd4 ({Better is} 31. Bxf6 $15 Rxf6 32. Rgxf6 gxf6 33. Rxf6) 31... Re4 (31... Rxb3 $19 32. Rf4 Rh3) 32. Bc3 $1 Re3 (32... Kh7 $17 33. Rg3 Rfe7 34. Bxf6 gxf6 35. Rxf6 Re1+ 36. Kd2 R1e2+ 37. Kc3 Rxh2) 33. Bb2 $2 (33. Bd4 $1 $11 {and White is okay.} Rxb3 34. Rf4) 33... Rxb3 $19 34. Rfg1 {Rxg7! is the strong threat.} Rf3 ({Weaker is} 34... Rxb4 {[#]} 35. Rxg7 $1 {[%mdl 512]} Rxg7 36. Bxf6 $16) 35. h4 Kh7 36. R6g5 Rf4 37. h5 Ne8 38. Kc2 (38. Bc3 {was the only chance.}) 38... Rxb4 39. Bc3 Rf2+ 40. Kd3 Rf3+ 41. Kd2 Rb5 42. R5g2 $2 (42. Kc2) 42... Rd5+ 43. Kc2 Rc5 {Accuracy: White = 52%, Black = 56%.} 0-1

[Event "ACP-Knockout-2020-Women"]
[Site "Emanuel Lasker Arena"]
[Date "2020.07.26"]
[Round "2.3"]
[White "Pia cramling"]
[Black "Anastasia3003"]
[Result "0-1"]
[WhiteElo "1620"]
[BlackElo "1797"]
[Annotator "NA RC"]
[PlyCount "70"]
[EventDate "2020.07.25"]
[EventType "k.o. (blitz)"]
[EventRounds "4"]

1. d4 {[%emt 0:00:05]} Nf6 {[%emt 0:00:02]} 2. c4 {[%emt 0:00:01]} g6 {[%emt 0:00:01]} 3. Nc3 {[%emt 0:00:01]} Bg7 {[%emt 0:00:01]} 4. e4 {[%emt 0:00:01]} d6 {[%emt 0:00:01]} 5. Bg5 {[%emt 0:00:01]} O-O {[%emt 0:00:15]} 6. Qd2 {[%emt 0:00:04]} Nbd7 {[%emt 0:00:31]} 7. Bd3 {[%emt 0:00:12]} a6 {[%emt 0:00:41]} 8. Nge2 {[%emt 0:00:30]} c5 {[%emt 0:00:09]} 9. O-O {[%emt 0:00:52]} b6 {[%emt 0:01:57]} 10. Rad1 {[%emt 0:00:50]} cxd4 {[%emt 0:00:11]} 11. Nxd4 {[%emt 0:00:06]} Bb7 {[%emt 0:00:01]} 12. Rfe1 {[%emt 0:00:21]} Rc8 {[%emt 0:01:14]} 13. Bf1 {[%emt 0:00:07]} Nc5 {[%emt 0:00:58]} 14. f3 {[%emt 0:00:09]} Ne6 {[%emt 0:00:15]} 15. Nxe6 {[%emt 0:03:02]} fxe6 {[%emt 0:00:02]} 16. e5 {[%emt 0:00:07]} dxe5 {[%emt 0:00:15]} 17. Qe3 {[%emt 0:01:21]} Qc7 {[%emt 0:00:26]} 18. Na4 {[%emt 0:00:11]} Bc6 {[%emt 0:01:29]} 19. Nc3 {[%emt 0:00:24]} Nh5 {[%emt 0:00:45]} 20. Bh6 {[%emt 0:00:05]} Bxh6 {[%emt 0:01:05]} 21. Qxh6 {[%emt 0:00:06]} Rcd8 {[%emt 0:00:05]} 22. Qe3 {[%emt 0:00:41]} Rxd1 {[%emt 0:00:11]} 23. Rxd1 {[%emt 0:00:06]} Ng7 {[%emt 0:00:33]} 24. Re1 {[%emt 0:00:09]} Rd8 {[%emt 0:00:10]} 25. Qxe5 {[%emt 0:00:03]} Qxe5 {[%emt 0:00:02]} 26. Rxe5 {[%emt 0:00:01]} Rd2 {[%emt 0:00:03]} 27. Re2 {[%emt 0:00:04]} Rd4 {[%emt 0:00:05]} 28. b3 {[%emt 0:00:11]} Kf7 {[%emt 0:00:03]} 29. Kf2 {[%emt 0:00:22]} Nf5 {[%emt 0:00:04]} 30. Rc2 {[%emt 0:00:32]} g5 {[%emt 0:00:12]} 31. Be2 {[%emt 0:00:35]} h5 {[%emt 0:00:05]} 32. Nd1 {[%emt 0:00:22]} g4 {[%emt 0:00:17]} 33. fxg4 {[%emt 0:00:10]} hxg4 {[%emt 0:00:04]} 34. g3 {[%emt 0:00:07]} Be4 {[%emt 0:00:15]} 35. Rb2 {[%emt 0:00:03]} Bd3 {[%emt 0:00:22] White restart ok. Time} 0-1

[Event "ACP-Knockout-2020-Women"]
[Site "Emanuel Lasker Arena"]
[Date "2020.07.26"]
[Round "2.3"]
[White "IGaponenko"]
[Black "Natik"]
[Result "1-0"]
[WhiteElo "1486"]
[BlackElo "1620"]
[Annotator "NA RC"]
[PlyCount "71"]
[EventDate "2020.07.25"]
[EventType "k.o. (blitz)"]
[EventRounds "4"]
[TimeControl "600+5"]

1. e4 {[%emt 0:00:47]} e5 {[%emt 0:00:28]} 2. Nf3 {[%emt 0:00:03]} d6 {[%emt 0:00:02]} 3. d4 {[%emt 0:00:02]} exd4 {[%emt 0:00:01]} 4. Nxd4 {[%emt 0:00:01]} Nf6 {[%emt 0:00:00]} 5. Nc3 {[%emt 0:00:01]} Be7 {[%emt 0:00:01]} 6. Nde2 {[%emt 0:00:33]} O-O {[%emt 0:00:11]} 7. g3 {[%emt 0:00:02]} Re8 {[%emt 0:00:05]} 8. Bg2 {[%emt 0:00:02]} c6 {[%emt 0:00:27]} 9. O-O {[%emt 0:00:04]} Nbd7 {[%emt 0:00:00]} 10. h3 {[%emt 0:00:11]} Bf8 {[%emt 0:00:57]} 11. g4 {[%emt 0:00:04]} Nc5 {[%emt 0:00:20]} 12. Ng3 {[%emt 0:00:03]} h6 {[%emt 0:01:56]} 13. f4 {[%emt 0:01:09]} Qb6 {[%emt 0:02:35]} 14. Kh2 {[%emt 0:01:04]} Be6 {[%emt 0:00:16]} 15. b3 {[%emt 0:02:26]} Rad8 {[%emt 0:00:03]} 16. Qf3 {[%emt 0:01:05]} Qc7 {[%emt 0:01:29]} 17. Bb2 {[%emt 0:00:19]} d5 {[%emt 0:02:02]} 18. e5 {[%emt 0:00:03]} Nfe4 {[%emt 0:00:01]} 19. Ncxe4 {[%emt 0:00:21]} Nxe4 {[%emt 0:00:04]} 20. Nxe4 {[%emt 0:00:06]} dxe4 {[%emt 0:00:00]} 21. Qe3 {[%emt 0:00:20]} Qa5 {[%emt 0:00:34]} 22. f5 {[%emt 0:01:43]} Bc8 {[%emt 0:00:03]} 23. a3 {[%emt 0:00:10]} Qd2 {[%emt 0:00:04]} 24. Qxe4 {[%emt 0:00:19]} Bc5 {[%emt 0:00:18]} 25. Rae1 {[%emt 0:00:27]} Bb6 {[%emt 0:00:08]} 26. Re2 {[%emt 0:00:03]} Qd7 {[%emt 0:00:04]} 27. Qf4 {[%emt 0:00:19]} Bc7 {[%emt 0:00:02]} 28. f6 {[%emt 0:00:03]} Qe6 {[%emt 0:00:03]} 29. fxg7 {[%emt 0:00:04]} Kxg7 {[%emt 0:00:01]} 30. Kh1 {[%emt 0:00:11]} Qe7 {[%emt 0:00:08]} 31. Bc1 {[%emt 0:00:10]} Qh4 {[%emt 0:00:03]} 32. Qxf7+ {[%emt 0:00:04]} Kh8 {[%emt 0:00:02]} 33. Qxc7 {[%emt 0:00:07]} Bxg4 {[%emt 0:00:01]} 34. Re4 {[%emt 0:00:07]} Rf8 {[%emt 0:00:18]} 35. Rxg4 {[%emt 0:00:04]} Rxf1+ {[%emt 0:00:09]} 36. Bxf1 {[%emt 0:00:02] Natik resigns (Lag: Av=0.52s, max=0.7s)} 1-0

[Event "ACP-Knockout-2020-Women"]
[Site "Emanuel Lasker Arena"]
[Date "2020.07.26"]
[Round "2.4"]
[White "Anastasia3003"]
[Black "pia cramling"]
[Result "1/2-1/2"]
[WhiteElo "1851"]
[BlackElo "1595"]
[Annotator "NA RC"]
[PlyCount "104"]
[EventDate "2020.07.25"]
[EventType "k.o. (blitz)"]
[EventRounds "4"]

1. e4 {[%emt 0:00:14]} c5 {[%emt 0:01:11]} 2. Nc3 {[%emt 0:00:06]} a6 {[%emt 0:00:07]} 3. g3 {[%emt 0:00:04]} g6 {[%emt 0:00:03]} 4. Bg2 {[%emt 0:00:09]} Bg7 {[%emt 0:00:02]} 5. d3 {[%emt 0:00:04]} Nc6 {[%emt 0:00:01]} 6. Be3 {[%emt 0:00:04]} d6 {[%emt 0:00:05]} 7. f4 {[%emt 0:00:06]} Bd7 {[%emt 0:00:06]} 8. Nf3 {[%emt 0:00:17]} b5 {[%emt 0:00:01]} 9. Qd2 {[%emt 0:00:03]} Rc8 {[%emt 0:00:14]} 10. O-O {[%emt 0:00:06]} Nd4 {[%emt 0:00:09]} 11. Nd1 {[%emt 0:00:20]} b4 {[%emt 0:00:16]} 12. Nh4 {[%emt 0:01:42]} Nf6 {[%emt 0:00:43]} 13. h3 {[%emt 0:00:25]} O-O {[%emt 0:00:23]} 14. f5 {[%emt 0:01:25]} e6 {[%emt 0:00:49]} 15. c3 {[%emt 0:00:31]} bxc3 {[%emt 0:00:04]} 16. bxc3 {[%emt 0:00:01]} Nc6 {[%emt 0:00:03]} 17. Bg5 {[%emt 0:00:35]} Ne5 {[%emt 0:00:54]} 18. Nf2 {[%emt 0:01:04]} Qa5 {[%emt 0:00:50]} 19. Rab1 {[%emt 0:00:16]} Rb8 {[%emt 0:00:10]} 20. g4 {[%emt 0:01:21]} Rfc8 {[%emt 0:00:33]} 21. Rxb8 {[%emt 0:00:48]} Rxb8 {[%emt 0:00:03]} 22. Nd1 {[%emt 0:00:01]} Ne8 {[%emt 0:00:55]} 23. Bh6 {[%emt 0:00:26]} Qd8 {[%emt 0:00:30]} 24. Bxg7 {[%emt 0:00:29]} Kxg7 {[%emt 0:00:07]} 25. g5 {[%emt 0:00:10]} Kg8 {[%emt 0:00:36]} 26. fxg6 {[%emt 0:00:26]} hxg6 {[%emt 0:00:13]} 27. d4 {[%emt 0:00:22]} Nc4 {[%emt 0:00:26]} 28. Qf2 {[%emt 0:00:10]} Qe7 {[%emt 0:00:02]} 29. Nf3 {[%emt 0:00:12]} Bc6 {[%emt 0:00:35]} 30. Nh2 {[%emt 0:00:07]} Rb7 {[%emt 0:00:35]} 31. h4 {[%emt 0:00:02]} e5 {[%emt 0:00:49]} 32. d5 {[%emt 0:00:08]} Bd7 {[%emt 0:00:03]} 33. Qg3 {[%emt 0:00:21]} Ng7 {[%emt 0:00:28]} 34. Bf3 {[%emt 0:00:03]} Nd2 {[%emt 0:00:08]} 35. Re1 {[%emt 0:00:03]} Nxf3+ {[%emt 0:00:05]} 36. Qxf3 {[%emt 0:00:01]} Nh5 {[%emt 0:00:09]} 37. Ne3 {[%emt 0:00:01]} Rb2 {[%emt 0:00:17]} 38. Nhg4 {[%emt 0:00:12]} Bxg4 {[%emt 0:00:04]} 39. Nxg4 {[%emt 0:00:02]} Nf4 {[%emt 0:00:16]} 40. Nf6+ {[%emt 0:00:04]} Kg7 {[%emt 0:00:05]} 41. h5 {[%emt 0:00:03]} gxh5 {[%emt 0:00:05]} 42. Nxh5+ {[%emt 0:00:02]} Nxh5 {[%emt 0:00:02]} 43. Qxh5 {[%emt 0:00:01]} Qb7 {[%emt 0:00:13]} 44. Qh6+ {[%emt 0:00:15]} Kg8 {[%emt 0:00:02]} 45. Rf1 {[%emt 0:00:15]} Rb1 {[%emt 0:00:03]} 46. g6 {[%emt 0:00:02]} Rxf1+ {[%emt 0:00:03]} 47. Kxf1 {[%emt 0:00:01]} Qb1+ {[%emt 0:00:01]} 48. Kf2 {[%emt 0:00:01]} Qc2+ {[%emt 0:00:04]} 49. Kf1 {[%emt 0:00:05]} Qd3+ {[%emt 0:00:05]} 50. Kf2 {[%emt 0:00:02]} Qc2+ {[%emt 0:00:08]} 51. Kf1 {[%emt 0:00:01]} Qb1+ {[%emt 0:00:15]} 52. Kf2 {[%emt 0:00:01]} Qc2+ {[%emt 0:00:01] (Lag: Av=0.40s, max=0.8s)} 1/2-1/2

[Event "ACP-Knockout-2020-Women"]
[Site "Emanuel Lasker Arena"]
[Date "2020.07.26"]
[Round "2.4"]
[White "Natik"]
[Black "IGaponenko"]
[Result "1/2-1/2"]
[WhiteElo "1486"]
[BlackElo "1574"]
[Annotator "NA RC"]
[PlyCount "102"]
[EventDate "2020.07.25"]
[EventType "k.o. (blitz)"]
[EventRounds "4"]

1. c4 {[%emt 0:00:28]} Nf6 {[%emt 0:00:02]} 2. Nc3 {[%emt 0:00:10]} g6 {[%emt 0:00:02]} 3. e4 {[%emt 0:00:04]} d6 {[%emt 0:00:03]} 4. d4 {[%emt 0:00:01]} Bg7 {[%emt 0:00:02]} 5. f4 {[%emt 0:00:02]} O-O {[%emt 0:00:02]} 6. Nf3 {[%emt 0:00:02]} c5 {[%emt 0:00:01]} 7. d5 {[%emt 0:00:01]} e6 {[%emt 0:00:01]} 8. dxe6 {[%emt 0:00:04]} fxe6 {[%emt 0:00:02]} 9. Bd3 {[%emt 0:00:01]} Nc6 {[%emt 0:00:01]} 10. O-O {[%emt 0:00:01]} Nd4 {[%emt 0:00:01]} 11. Bd2 {[%emt 0:00:03]} a6 {[%emt 0:00:01]} 12. Rb1 {[%emt 0:00:08]} Bd7 {[%emt 0:00:02]} 13. b4 {[%emt 0:03:26]} b6 {[%emt 0:00:03]} 14. Kh1 {[%emt 0:01:32]} Bc6 {[%emt 0:00:19]} 15. a3 {[%emt 0:00:22]} Ra7 {[%emt 0:00:09]} 16. Qe1 {[%emt 0:00:22]} Nxf3 {[%emt 0:00:13]} 17. Rxf3 {[%emt 0:00:12]} Raf7 {[%emt 0:00:08]} 18. Qe2 {[%emt 0:00:52]} Nh5 {[%emt 0:00:23]} 19. g3 {[%emt 0:00:25]} Bd4 {[%emt 0:04:15]} 20. b5 {[%emt 0:00:10]} Bb7 {[%emt 0:00:55]} 21. bxa6 {[%emt 0:00:01]} Bxa6 {[%emt 0:00:02]} 22. Nb5 {[%emt 0:00:01]} Bg7 {[%emt 0:00:02]} 23. Rff1 {[%emt 0:00:38]} Bb7 {[%emt 0:00:17]} 24. Kg1 {[%emt 0:00:07]} Bc6 {[%emt 0:00:04]} 25. Bc3 {[%emt 0:02:02]} Qd7 {[%emt 0:00:38]} 26. Bxg7 {[%emt 0:00:06]} Nxg7 {[%emt 0:00:03]} 27. Nc3 {[%emt 0:00:16]} e5 {[%emt 0:01:31]} 28. fxe5 {[%emt 0:00:33]} dxe5 {[%emt 0:00:02]} 29. Nd5 {[%emt 0:00:04]} Rxf1+ {[%emt 0:00:36]} 30. Rxf1 {[%emt 0:00:00]} Rxf1+ {[%emt 0:00:02]} 31. Qxf1 {[%emt 0:00:00]} Bxd5 {[%emt 0:00:03]} 32. cxd5 {[%emt 0:00:01]} Qd6 {[%emt 0:00:27]} 33. Bb5 {[%emt 0:00:06]} Nh5 {[%emt 0:00:03]} 34. Qc4 {[%emt 0:00:09]} Nf6 {[%emt 0:00:03]} 35. Qa4 {[%emt 0:00:01]} Kg7 {[%emt 0:00:07]} 36. Kg2 {[%emt 0:00:05]} h5 {[%emt 0:00:16]} 37. h3 {[%emt 0:00:01]} g5 {[%emt 0:00:09]} 38. Bc6 {[%emt 0:00:23]} c4 {[%emt 0:00:09]} 39. Qxc4 {[%emt 0:00:11]} Qxa3 {[%emt 0:00:02]} 40. Qe2 {[%emt 0:00:06]} Qb4 {[%emt 0:00:11]} 41. d6 {[%emt 0:00:06]} Qxd6 {[%emt 0:00:03]} 42. Bb7 {[%emt 0:00:01]} Qd4 {[%emt 0:00:11]} 43. Qc2 {[%emt 0:00:04]} Kg6 {[%emt 0:00:05]} 44. Kh2 {[%emt 0:00:03]} b5 {[%emt 0:00:02]} 45. Kg2 {[%emt 0:00:13]} b4 {[%emt 0:00:02]} 46. Qb3 {[%emt 0:00:03]} Qd2+ {[%emt 0:00:04]} 47. Kg1 {[%emt 0:00:01]} Qe1+ {[%emt 0:00:04]} 48. Kg2 {[%emt 0:00:01]} Qe2+ {[%emt 0:00:01]} 49. Kg1 {[%emt 0:00:01]} Qe1+ {[%emt 0:00:01]} 50. Kg2 {[%emt 0:00:00]} Qe2+ {[%emt 0:00:01]} 51. Kg1 {[%emt 0:00:01]} Qe1+ {[%emt 0:00:01] (Lag: Av=0.52s, max=0.9s)} 1/2-1/2

[Event "ACP-Knockout-2020-Women"]
[Site "Emanuel Lasker Arena"]
[Date "2020.07.27"]
[Round "3.1"]
[White "Tomilova_Elena"]
[Black "Iribulmaga"]
[Result "1/2-1/2"]
[WhiteElo "2015"]
[BlackElo "1913"]
[Annotator "TA"]
[PlyCount "61"]
[EventDate "2020.07.25"]
[EventType "k.o. (blitz)"]
[EventRounds "4"]

{[%evp 21,61,46,35,39,35,0,104,100,100,110,119,82,97,101,187,60,179,128,112,113,136,97,152,49,58,59,83,16,22,30,45,27,29,14,31,0,61,8,18,9,25,0]} 1. d4 Nf6 2. Nf3 g6 3. e3 Bg7 4. c4 O-O 5. Be2 d6 6. Nc3 Nbd7 7. b3 e5 8. Bb2 Re8 9. Qc2 c6 10. O-O e4 11. Nd2 Qe7 $1 12. Rae1 {E60: King's Indian: Unusual lines and Fianchetto Variation without Nc3.} Nf8 13. f3 {[#]} d5 $146 (13... exf3 $11 {keeps the balance.} 14. Bxf3 Bh6) ({Predecessor:} 13... exf3 14. Bxf3 Ng4 15. Nd1 Bh6 16. Bxg4 Bxg4 17. Nf2 Bxe3 18. Kh1 Bf5 19. Qc3 Bxd2 20. Qxd2 {1-0 (34) Gunina,V (2431)-Harika,D (2515) chess.com INT 2020}) 14. cxd5 $16 {[%cal Rf3e4] White is better.} Nxd5 15. Nxd5 cxd5 16. fxe4 dxe4 17. Nc4 Bf5 {[#]} (17... Qc7 $16 {is a better defense.}) 18. a4 ({Better is} 18. Ba3 $1 $18 {[%cal Ra3e7]} Qg5 19. Nd6) 18... h5 {[#]} (18... Rad8 $14) 19. Qd2 (19. Bxh5 $1 $18 Be6 20. Ba3) 19... Rad8 20. Bxh5 Qh4 21. Be2 Nh7 (21... Ne6 $142) 22. Rd1 (22. Ba3 $16) 22... Nf6 $14 23. Qe1 Qg5 24. Qg3 (24. h4 $16 Qh6 25. Qf2) 24... Qxg3 $11 25. hxg3 Be6 26. Ba3 Nd5 27. Kf2 Bh6 28. Rc1 Rc8 (28... Kg7 $11) 29. Rfe1 (29. Rh1 $14 Bg5 30. Rh2) 29... Rc6 30. Rh1 Bg5 31. Rh2 {Accuracy: White = 46%, Black = 62%.} 1/2-1/2